000 00585pam a2200217 a 4500
001 1388375
005 20180206082116.0
008 820625s1982 nyu b 001 0 eng
010 _a 82012334
020 _a0030621410 :
_c$23.95
040 _aDLC
_cDLC
_dDLC
041 _aeng
080 _a658.314019 ROB
082 0 0 _a658.314019 ROB
_219
100 1 _a55
101 _aMAN
245 1 0 _aBehavioral systems /
_cRobert L. Morasky ; artwork by David Wachs.
504 _aBibliography: p. 169-172.
906 _a7
_bcbc
_corignew
_d1
_eocip
_f19
_gy-gencatlg
942 _2ddc
_cBK
999 _c41938
_d41938